| 000 | 01049cam a2200301 4500 | ||
|---|---|---|---|
| 001 | 20603 | ||
| 005 | 20230410121152.0 | ||
| 008 | 060907s2000 sp spa | ||
| 035 | _9funglode20755 | ||
| 035 | _a(OCoLC)ocm57666099 | ||
| 040 |
_aUIA _bspa _cUIA _dOCLCQ _dUBA _dNYDWH |
||
| 020 | _a8472488071 | ||
| 020 | _a9788472488076 | ||
| 035 | _a(OCoLC)57666099 | ||
| 050 | 1 | 4 |
_aJZ 1242 _bG216q 2000 |
| 100 | 1 | _aGarcía Picazo, Paloma. | |
| 245 | 1 | 0 |
_aQué es esa cosa llamada "relaciones internacionales"? : _btres lecciones de autodeterminación y algunas consideraciones indeterministas / _cPaloma García Picazo |
| 260 |
_aMadrid : _bMarcial Pons, Ediciones Jurídicas y Sociales, _c2000. |
||
| 300 |
_a243 p. ; _c24 cm. |
||
| 504 | _aBibliografía (p. [227]-243). | ||
| 650 | 0 | _aInternational relations. | |
| 650 | 4 | _aRelaciones internacionales. | |
| 650 | 7 |
_aAutodeterminacao dos povos. _2larpcal |
|
| 650 | 7 |
_aDireitos dos povos. _2larpcal |
|
| 650 | 7 |
_aSoberania nacional. _2larpcal |
|
| 942 |
_2lcc _cbk |
||
| 994 |
_aC0 _bDRFGD |
||
| 999 |
_c59315 _d59315 |
||